Prediction of service life of rubber products based on arrhenius theory (Record no. 51385)

MARC details
000 -LEADER
fixed length control field 00549nam a2200205Ia 4500
100 ## - MAIN ENTRY--AUTHOR NAME
Personal name Joseph Joy
245 #0 - TITLE STATEMENT
Title Prediction of service life of rubber products based on arrhenius theory
260 ## - PUBLICATION, DISTRIBUTION, ETC. (IMPRINT)
Name of publisher Rubber Science
Year of publication 2019
300 ## - PHYSICAL DESCRIPTION
Number of Pages 83-93
650 ## - SUBJECT ADDED ENTRY--TOPICAL TERM
Topical Term Ageing
650 ## - SUBJECT ADDED ENTRY--TOPICAL TERM
Topical Term Ethylene propylene diene rubber
650 ## - SUBJECT ADDED ENTRY--TOPICAL TERM
Topical Term Natural rubber
650 ## - SUBJECT ADDED ENTRY--TOPICAL TERM
Topical Term Nitrile rubber
650 ## - SUBJECT ADDED ENTRY--TOPICAL TERM
Topical Term Service life
650 ## - SUBJECT ADDED ENTRY--TOPICAL TERM
Topical Term Tensile strength
700 ## - ADDED ENTRY--PERSONAL NAME
Personal name Jacob M.K
700 ## - ADDED ENTRY--PERSONAL NAME
Personal name Varkey K.J
942 ## - ADDED ENTRY ELEMENTS (KOHA)
Koha item type Bibliography STAF
Holdings
Withdrawn status Lost status Damaged status Not for loan Home library Current library Shelving location Date acquired Serial Enumeration / chronology Koha item type
      Bibliography RRII Library RRII Library Rubber technology 09/04/2014 Volume 32, Issue 1 Bibliography STAF